| 000 | 00861nam a2200265 a 4500 | ||
|---|---|---|---|
| 001 | 000004160 | ||
| 003 | DO-SdBNP | ||
| 005 | 20240412074202.0 | ||
| 007 | ta | ||
| 008 | 090717s2006 dr 000 p spa d | ||
| 020 | _a9945420127 | ||
| 040 |
_aDO-SdBNP _bspa _cBNPHU |
||
| 082 | 4 |
_aRD861.5 _bP324g _222 |
|
| 100 | 1 |
_aPaula, Hermes de, _d1974- _910099 |
|
| 245 | 1 | 4 |
_aLos gemidos de la noche / _cHermes de Paula ; editor Lissett Ramírez |
| 260 |
_aSanto Domingo : _bAngeles de Fierro ; _bNacional, _c2006. |
||
| 300 |
_a78 p. ; _c18 cm. |
||
| 500 | _aIncluye datos biográficos del autor en la solapa de la cubierta. | ||
| 590 | _aInventariado, 2019 / DG | ||
| 650 | 4 |
_aPoesía dominicana _966 |
|
| 650 | 0 |
_aLiteratura dominicana. _967 |
|
| 700 | 1 |
_91788 _aRamírez G., Lissette, _eed. |
|
| 910 | _aValidado. Control de calidad MMOLINA | ||
| 942 |
_2ddc _cLBS1 |
||
| 999 |
_c3976 _d3976 |
||